Представление документа в формате RUSMARC

ПолеНазваниеЗначение
  Тип записи a
  Библиографический уровень a
001 Контрольный номер RU/УОНБ/EK_Kray/651344517
005 Дата корректировки 20240131004813.9
100 Данные общей обработки __
a Данные общей обработки 20200821d2020 ||| 0rusy0189 ca
101 Язык документа 0_
a Язык текста rus
102 Страна публикации __
a Страна публикации RU
105 Кодированные данные (монография) __
a Кодированные данные (монография) y###||||000|y
200 Заглавие и сведения об ответственности 1_
a Заглавие Энергия развития
e Сведения, относящиеся к заглавию беседа с руководителем Ульяновского филиала АО "ЭнергосбыТ Плюс" С. В. Гужевым
f Первые сведения об ответственности Сергей Вадимович Гужев
g Последующие сведения об ответственности записала Эльмира Кобина
215 Физическое описание __
c Иллюстрации/тип воспроизводства фот
461 Уровень набора _0
1 2000
a Деловое обозрение
1 011
463 Уровень физической единицы _0
1 001RU/УОНБ/EK_Kray/651340252
1 2000
a № 4
v С. 24-28.
1 210
d 2020
600 Персоналии _1
a Персоналии (Фамилия) Гужев, Сергей Вадимович
601 Наименование организации как предмет 02
a Наименование организации как предмет Ульяновский филиал АО "ЭнергосбыТ Плюс"
610 Ключевые слова 0_
a Ключевые слова альтернативные котельные
610 Ключевые слова 0_
a Ключевые слова энергетика
610 Ключевые слова 0_
a Ключевые слова энергоснабжение
686 Индексы других классификаций __
a Классификационный индекс 65.6-55Э
2 Код системы rubbk
700 Автор _1
a Фамилия Гужев
b Имя (инициалы) С. В.
g Полное личное имя Сергей Вадимович
4 Код отношения 460
702 Вторичная интеллектуальная ответственность _1
a Фамилия Кобина
b Имя (инициалы) Э.
g Полное личное имя Эльмира
4 Код отношения 470
801 Источник записи _0
a Страна RU
b Организация Ульяновская ОНБ
c Дата составления 20200821
g Правила каталогизации RCR
801 Источник записи _1
a Страна RU
b Организация Ульяновская ОНБ
c Дата составления 20200821
g Правила каталогизации RCR
901 Тип документа __
t Тип документа b
w Контрольный № источника RU/УОНБ/EK_Kray/651340252
909 Создатель записи __
a Создатель записи Морозова Н.А.
938 Служебная информация __
a Имя БД kraeved_work
b Имя библиотеки УОНБ
c Имя АИБС МАРК-SQL
d Номер DOC_ID в БД 141004